000 02736nam0a22004211 4500
001 v19\rc\1836466
005 20241219101114.0
035 _a(NLR Aleph) 004930874
090 _a5678291
_c5678291
100 _a20131026e19081908|||y0rusy50 ca
101 0 _arus
102 _aRU
105 _ay z |||||
200 1 _aСмерть Пушкина
_e(Пять писем 1837 г.)
_fБ. Модзалевский
210 _aСанкт-Петербург
_cтип. Имп. Акад. наук
_d1908
215 _a[2], 19 с.
_d25
311 _aОтт. из изд.: Пушкин и его современники. Вып. 6
327 0 _aС. 6-19: 1. И.Т. Калашников - П.А. Соловцову. 12 февр. 1837. 2. А.Ф. Воейков - А.Я. Стороженку. 4 февр. 1837. 3. А.Н. Мордвинов - А.Н. Пещурову. 2 февр. 1837. 4. А.И. Тургенев - А.Н. Пещурову. 13 февр. 1837. 5. А.И. Тургенев - А.Н. Пещурову. Февр. 1837
464 0 _12001#$aИ.Т. Калашников - П.А. Соловцову. 12 февр. 1837
_1215##$aС. 6-19
_1700#1$aКалашников$bИ.Т.
_1702#1$aСоловцов$bП.А.$4660
464 0 _12001#$aА.Ф. Воейков - А.Я. Стороженку. 4 февр. 1837
_1215##$aС. 6-19
_1700#1$aВоейков$bА.Ф.$f1779-1839$gАлександр Федорович
_1702#1$aСтороженко$bА.Я.$f1790-1858$gАндрей Яковлевич$4660
464 0 _12001#$aА.Н. Мордвинов - А.Н. Пещурову. 2 февр. 1837
_1215##$aС. 6-19
_1700#1$aМордвинов$bА.Н.
_1702#1$aПещуров$bА.Н.$4660
464 0 _12001#$aА.И. Тургенев - А.Н. Пещурову. 13 февр. 1837$aА.И. Тургенев - А.Н. Пещурову. Февр. 1837
_1215##$aС. 6-19
_1700#1$aТургенев$bА.И.$f1784-1845$gАлександр Иванович
_1702#1$aПещуров$bА.Н.$4660
488 0 _12001#$aПушкин и его современники$vВып. 6
_1702#1$aПушкин$bА. С.$cпоэт$f1799-1837$gАлександр Сергеевич$3RU\NLR\AUTH\77386$4570
700 1 _aМодзалевский
_bБ. Л.
_f1874-1928
_gБорис Львович
702 1 _aПушкин
_bА. С.
_cпоэт
_f1799-1837
_gАлександр Сергеевич
_3RU\NLR\AUTH\77386
_4570
801 0 _aRU
_bNLR
_gpsbo
801 0 _aRU
_bRuMoRGB
_2psbo
801 1 _aRU
_bProSoft-M
_2rusmarc
852 _aNLR
_j37.63.1.88
852 _aNLR
_bМф
_jК1/6085
899 _aRuMoRGB
_jR 449/399
899 _aRuMoRGB
_jФ 1-73/16712
899 _aRuMoRGB
_jФ 1-80/227
899 _aБАН
899 _aГПИБ
942 _cBOOK
980 _aNB